MARC details
| 000 -CABECERA |
| campo de control de longitud fija |
01293nam a2200253 a 4500 |
| 001 - NÚMERO DE CONTROL |
| campo de control |
000027591 |
| 005 - FECHA Y HORA DE LA ÚLTIMA TRANSACCIÓN |
| campo de control |
20200930030939.0 |
| 008 - DATOS DE LONGITUD FIJA--INFORMACIÓN GENERAL |
| campo de control de longitud fija |
110401s2010 dr r 001 0 spa d |
| 020 ## - NÚMERO INTERNACIONAL ESTÁNDAR DEL LIBRO |
| Número Internacional Estándar del Libro |
9789945850598 |
| 040 ## - FUENTE DE LA CATALOGACIÓN |
| Centro catalogador/agencia de origen |
DO-SdBNP |
| Lengua de catalogación |
spa |
| Centro/agencia transcriptor |
BNPHU |
| 082 ## - NÚMERO DE LA CLASIFICACIÓN DECIMAL DEWEY |
| Número de clasificación |
341.481 |
| Número de documento/Ítem |
C957d, 2010 |
| 100 1# - ENTRADA PRINCIPAL--NOMBRE DE PERSONA |
| Nombre de persona |
Cruz Peña, Benito A. |
| 9 (RLIN) |
54686 |
| 245 10 - MENCIÓN DE TÍTULO |
| Título |
Derechos humanos y democracia en República Dominicana / |
| Mención de responsabilidad, etc. |
Benito Antonio Cruz Peña. |
| 250 ## - MENCIÓN DE EDICIÓN |
| Mención de edición |
2a. ed. ampl. |
| 260 ## - PUBLICACIÓN, DISTRIBUCIÓN, ETC. |
| Lugar de publicación, distribución, etc. |
Santo Domingo : |
| Nombre del editor, distribuidor, etc. |
Centro de Atención Jesús Peregrino, |
| Fecha de publicación, distribución, etc. |
2010. |
| 300 ## - DESCRIPCIÓN FÍSICA |
| Extensión |
102 p. ; |
| Dimensiones |
22 cm. |
| 504 ## - NOTA DE BIBLIOGRAFÍA, ETC. |
| Nota de bibliografía, etc. |
Bibliografía : p.101-102. |
| 505 0# - NOTA DE CONTENIDO CON FORMATO |
| Información miscelánea |
Introducción -- |
| Título |
Aspectos generales de los derechos humanos -- |
| -- |
Principios y características de los derechos humanos -- |
| -- |
Las tres generaciones de los derechos humanos -- |
| -- |
Los derechos humanos y los derechos de los pueblos -- |
| -- |
Derechos humanos y democracia -- |
| -- |
Justicia y derechos humanos en República Dominicana -- |
| -- |
Construcción de ciudadanía y la lucha por los derechos humanos -- |
| Información miscelánea |
Conclusiones. |
| 590 ## - NOTA LOCAL (RLIN) |
| Nota local |
La biblioteca posee un ejemplar autografiado por el autor. |
| 590 ## - NOTA LOCAL (RLIN) |
| Nota local |
Inventariado, 2018/BT |
| 650 #4 - PUNTO DE ACCESO ADICIONAL DE MATERIA--TÉRMINO DE MATERIA |
| Término de materia o nombre geográfico como elemento de entrada |
Derechos humanos |
| Subdivisión geográfica |
República Dominicana |
| 9 (RLIN) |
12374 |
| 650 #4 - PUNTO DE ACCESO ADICIONAL DE MATERIA--TÉRMINO DE MATERIA |
| Término de materia o nombre geográfico como elemento de entrada |
Democracia |
| Subdivisión geográfica |
República Dominicana |
| 9 (RLIN) |
6412 |
| 910 ## - DATOS DE OPCIÓN DEL USUARIO (OCLC) |
| Datos de opción del usuario |
Validado. Control de calidad. EMS |